Представление документа в формате RUSMARC

ПолеНазваниеЗначение
  Тип записи c
  Библиографический уровень m
001 Контрольный номер RU/УОНБ/EK_N/683892542
005 Дата корректировки 20240131002749.7
010 Индекс ISBN __
9 Тираж 29500 экз.
013 Номер (ISMN) __
d Цена 2 р. 26 к.
071 Издательские номер (звукозапись и ноты) 21
a Номер, присвоенный агентством 4015
100 Данные общей обработки __
a Данные общей обработки 20210902d1969 d y0rusy0189||||ca
101 Язык документа 0_
a Язык текста rus
f Язык титульного листа rus
102 Страна публикации __
a Страна публикации RU
105 Кодированные данные (монография) __
a Кодированные данные (монография) y###||||000|y
125 Кодированные данные звукозаписи и нотных изданий __
a Форма изложения нотного текста с|
128 Кодированные данные (звукозаписи-физические характеристики) __
a Кодированные данные: Музыкальная форма и тональность или лад chs
b Инструменты или голоса, необходимые для ансамблей (устаревшее) cd||
200 Заглавие и сведения об ответственности 1_
a Заглавие Вып. 2
e Сведения, относящиеся к заглавию 5-6 кл.
f Первые сведения об ответственности сост. Л. Левандовская
210 Выходные данные 1_
d Дата издания 1969
215 Физическое описание __
a Объем 170 с.
327 Примечание о содержании 11
a Примечание о содержании Содерж. : Варшавянка / сл. Г. Кржижановского ; обраб. В. Белого. - Компанеец З. Встало солнце / сл. Л. Кондрашенко. - Лепин А. Весёлый турист / сл. О. Фадеевой. - Чичков Ю. Голубая дорога / со. К. Ибряева. - Смыслов И. Родина : соврем. рус. песня / сл. Н. Сусленникова. - Ковнер И. Как высоко над нами наше небо! / сл. С. Михалкова. - В тёмном лесе ; Ах вы, сени мои, сени ; Со вьюном я хожу ; Варяг ; Виноград в саду цветёт ; Гулял по Уралу Чапаев-герой ; Во лузях ; Лён зеленой ; Во поле рябинушка стояла ; Я посею ли млада-младенька ; Дубинушка ; Что же ты, соловушка : рус. нар. песни. - Солнце, в дом войди ; Светлячок : груз. нар. песни. - Сумерки : норв. нар. песня / рус. текст А. Тверского. - Чайковский П. Хор мальчиков : из оперы "Пиковая дама" / сл. Л. Некрасовой. - Кабалевский Д. Спокойной ночи / сл. В. Викторова ; Туристская песня / сл. В. Татаринова. - Дунаевский И. Эх, хорошо! / сл. А. Шмидтгофа ; Дружное наше звено / сл. Ц. Солодаря ; Марш юннатов / сл. М. Матусовского. - Пахмутова А. Гайдар шагает впереди ; Песня о пионерах-героях ; Замечательный вожатый / сл. С. Гребенникова и Н. Добронравова ; Орлята учатся летать / сл. Н. Добронравова. - Блантер М. Песня о Щорсе / сл. М. Голодного. - Кукушка : пол. нар. песня / рус. текст Я. Смелянской и В. Локтева. - Локтев В. Разговор с Лениным ; Мечты юных космонавтов / сл. В. Крючкова ; Ты лети, ветерок! / сл. А. Пришельца. - Кырвер Б. Наш отряд / сл. О. Роотса. - Негго А. Звонкая песня / сл. А. Негго. - Висла : пол. нар. песня / рус. текст С. Кондратьева. - Брамс Й. Колыбельная. - Глинка М. Жаворонок / сл. Н. Кукольника ; Ты, соловушка, умолкни / сл. В. Забеллы ; Венецианская ночь / сл. И. Козлова ; Славься : хор из оперы "Иван Сусанин" / сл. С. Городецкого. - Мурадели В. Гимн Москве / сл. А. Коваленкова ; Пионерский костёр / сл. Л. Некрасовой. - Вериковский Н. Портрет Володи Ульянова / сл. М. Рыльского. - Шварц Л. Песня о весёлом барабанщике / сл. Б. Окуджавы. - Чичков Ю. Пионерская стрела ; Мальчишка-капитан / сл. В. Крючкова ; Лыжная прогулка / сл. Б. Дворного ; Наша школьная страна / сл. К. Ибряева. - Парцхаладзе М. С добрым утром, край родной! / сл. В. Татаринова. - Филиппенко А. Снег-снежок / сл. П. Воронько. - Шёл ленинградский паренёк : соврем. нар. песня. - Тома А. Вечерняя песня / сл. К. Ушинского. - Кюи Ц. Майский день / сл. А. Плещеева. - Шуберт Ф. Мельник / сл. Мюллера. - Дегейтер П. Интернационал / сл. Э. Потье ; рус. текст А. Коца. - Ой, по-над Волгой : соврем. нар. песня / обраб. В. Локтева. - Тиличеева Е. Пионер шагает по планете / сл. В. Коркина. - Яковлев М. Зимний вечер / сл. А. Пушкина. - Зимний вечер : рус. нар. песня / сл. А. Пушкина. - Сусанин : рус. нар. песня / сл. И. Сурикова. - Бородино : рус. нар. песня / стихи М. Лермонтова. - Ой ты, Волга, Волга-реченька : соврем. рус. нар. песня. - Новиков А. Песня о Чапаеве / сл. С. Болотина ; Песня о Ленине / сл. Р. Селянина. - Белый В. Орлёнок / сл. Я. Шведова. - Попов А. Как пойду я на быструю речку / сл. нар. - Среди долины ровныя : рус. нар. песня / сл. А. Мерзлякова. - Римский-Корсаков Н. Ой ты, тёмная дубравушка : песня Садко ; Заиграйте, мои гусельки : из оперы "Садко" ; Песня птиц : из оперы "Снегурочка". - Старокадомский М. Путевая-пионерская / сл. С. Михалкова. - У ворот-воротиков : рус. нар. песня / обраб. А. Рудневой. - Я держу путь в страну свободы : негр. нар. песня / обраб. Т. Попатенко. - Губарьков Н. Марш пионерских дружин / сл. Г. Ходосова. - Александров Ан. В апреле родился Ленин / сл. О. Высотской. - Шостакович Д. Родина слышит / сл. Е. Долматовского. - Флярковский А. Пионерская честь / С. Богомазова. - Красев М. Снежный вечер / сл. О. Высотской. - Среди цветов : яп. нар. песня / рус. текст А. Тверского ; обраб. В. Локтева. - Матросская шуточная : нем. нар. песня / перелож. Г. Струве ; пер. Л. Кондрашенко. - Коричневый орех : норв. нар. песня / обраб. М. Иорданского ; рус. текст Л. Кондрашенко. - Бах И. С. Жизнь хороша : фп. сопровожд. Б. Яворского ; рус. текст Я. Родионова.
461 Уровень набора _0
1 001RU/УОНБ/EK_N/683892176
1 200
a Пение в школе
b Ноты
e пособие для учителя
v Вып. 2
1 210
a М.
c Музыка
d 1969
464 Аналитический уровень _0
1 2001
a Варшавянка
e Вихри враждебные веют над нами...
e старая револ. песня
1 702 1
a Кржижановский
b Г.
4 520
1 702 1
a Белый
b В.
4 030
464 Аналитический уровень _0
1 2001
a Встало солнце
e Встало солнце на ноги...
1 700 1
a Компанеец
b З.
1 702 1
a Кондрашенко
b Л.
4 520
464 Аналитический уровень _0
1 2001
a Весёлый турист
e Хорошо лететь в экспрессе...
1 700 1
a Лепин
b А.
1 702 1
a Фадеева
b О.
4 520
464 Аналитический уровень _0
1 2001
a Голубая дорога
e Все мы любим пешком...
1 700 1
a Чичков
b Ю.
1 702 1
a Ибряев
b К.
4 520
464 Аналитический уровень _0
1 2001
a Родина
e Занялася заря расписная...
e соврем. рус. песня
1 700 1
a Смыслов
b И.
1 7023
a Сусленников
b Н.
4 520
464 Аналитический уровень _0
1 2001
a Как высоко над нами наше небо!
e Как высоко над нами наше небо...
1 700 1
a Ковнер
b И.
1 702 1
a Михалков
b С.
4 520
464 Аналитический уровень _0
1 2001
a В тёмном лесе
e В тёмном лесе...
e рус. нар. песня
464 Аналитический уровень _0
1 2001
a Солнце, в дом войди
e Солнце, ты нам вечно светишь...
e груз. нар. песня
1 702 1
a Аракишвили
b Д.
4 030
464 Аналитический уровень _0
1 2001
a Сумерки
e Вот сумерки сгустились...
e норв. нар. песня
1 702 1
a Тверской
b А.
4 730
1 702 1
a Локтев
b И.
4 030
464 Аналитический уровень _0
1 2001
a Хор мальчиков
e Все мы, мальчишки...
e из оперы "Пиковая дама"
1 700 1
a Чайковский
b П.
1 702 1
a Некрасова
b Л.
4 520
1 50010
a Пиковая дама
464 Аналитический уровень _0
1 2001
a Спокойной ночи
e День завешён...
1 700 1
a Кабалевский
b Д.
1 702 1
a Викторов
b В.
4 520
464 Аналитический уровень _0
1 2001
a Эх, хорошо!
e Эх, хорошо в стране советской жить...
1 700 1
a Дунаевский
b И.
1 702 1
a Шмидтгоф
b А.
4 520
464 Аналитический уровень _0
1 2001
a Гайдар шагает впереди
e Слышишь, товарищ...
1 700 1
a Пахмутова
b А.
1 702 1
a Гребенников
b С.
4 520
1 702 1
a Добронравов
b Н.
4 520
464 Аналитический уровень _0
1 2001
a Песня о Щорсе
e Шёл отряд по берегу...
1 700 1
a Блантер
b М.
1 702 1
a Голодный
b М.
4 520
464 Аналитический уровень _0
1 2001
a Кукушка
e В полдень на опушке...
e пол. нар. песня
1 702 1
a Смелянская
b Я.
4 730
1 702 1
a Локтев
b В.
4 730
464 Аналитический уровень _0
1 2001
a Разговор с Лениным
e Запах тополиный и сиреневый...
1 700 1
a Локтев
b В.
1 702 1
a Крючков
b В.
4 520
464 Аналитический уровень _0
1 2001
a Наш отряд
e Ярко галстуки горят...
1 700 1
a Кырвер
b Б.
1 702 1
a Роотс
b О.
4 520
464 Аналитический уровень _0
1 2001
a Звонкая песня
e Звонкая песня уносится ввысь...
1 700 1
a Негго
b А.
1 702 1
a Негго
b А.
4 520
464 Аналитический уровень _0
1 2001
a Висла
e Гей, ты, Висла голубая...
e пол. нар. песня
1 702 1
a Кондратьев
b С.
4 730
1 702 1
a Иванников
b В.
4 030
464 Аналитический уровень _0
1 2001
a Колыбельная
e Спи, дитя, сладким сном...
1 700 1
a Брамс
b Й.
464 Аналитический уровень _0
1 2001
a Жаворонок
e Между небом и землёй...
1 700 1
a Глинка
b М.
1 702 1
a Кукольник
b Н.
4 520
464 Аналитический уровень _0
1 2001
a Гимн Москве
e Стоит Москва, растёт Москва...
1 700 1
a Мурадели
b В.
1 702 1
a Коваленков
b А.
4 520
464 Аналитический уровень _0
1 2001
a Портрет Володи Ульянова
e Он живой, он вечно с нами...
1 700 1
a Вериковский
b Н.
1 702 1
a Рыльский
b М.
4 520
464 Аналитический уровень _0
1 2001
a Песня о весёлом барабанщике
e Встань пораньше, встань пораньше...
1 700 1
a Шварц
b Л.
1 702 1
a Окуджава
b Б.
4 520
464 Аналитический уровень _0
1 2001
a Пионерская стрела
e Пусть пока не настоящий...
1 700 1
a Чичков
b Ю.
1 702 1
a Крючков
b В.
4 520
464 Аналитический уровень _0
1 2001
a С добрым утром, край родной!
e Солнце, солнце встаёт над землёй...
1 700 1
a Парцхаладзе
b М.
1 702 1
a Татаринов
b В.
4 520
464 Аналитический уровень _0
1 2001
a Снег-снежок
e Снег-снежок засыпал весь лужок...
1 700 1
a Филиппенко
b А.
1 702 1
a Воронько
b П.
4 520
464 Аналитический уровень _0
1 2001
a Шёл ленинградский паренёк
e Шёл ленинградский паренёк...
e соврем. нар. песня
464 Аналитический уровень _0
1 2001
a Вечерняя песня
e Слети к нам, тихий вечер...
1 700 1
a Тома
b А.
1 702 1
a Ушинский
b К.
4 520
464 Аналитический уровень _0
1 2001
a Майский день
e Сияет солнце, воды блещут...
1 700 1
a Кюи
b Ц.
1 702 1
a Плещеев
b А.
4 520
464 Аналитический уровень _0
1 2001
a Мельник
e В движенье мельник жизнь ведёт...
1 700 1
a Шуберт
b Ф.
1 702 1
a Мюллер
b В.
4 520
1 702 1
a Тюменев
b И.
4 730
464 Аналитический уровень _0
1 2001
a Интернационал
e Вставай, проклятьем заклеймённый...
1 700 1
a Дегейтер
b П.
1 702 1
a Потье
b Э.
1 702 1
a Коц
b А.
4 730
464 Аналитический уровень _0
1 2001
a Ой, по-над Волгой
e Ой, по-над Волгой леса зеленеют...
e соврем. нар. песня
1 702 1
a Локтев
b В.
4 030
464 Аналитический уровень _0
1 2001
a Пионер шагает по планете
e Если друга, если друга хочешь встретить...
1 700 1
a Тиличеева
b Е.
1 702 1
a Коркин
b В.
4 520
464 Аналитический уровень _0
1 2001
a Зимний вечер
e Буря мглою небо кроет...
1 700 1
a Яковлев
b М.
1 702 1
a Пушкин
b А.
4 520
464 Аналитический уровень _0
1 2001
a Зимний вечер
e Буря мглою небо кроет...
e рус. нар. песня
1 702 1
a Пушкин
b А.
4 520
464 Аналитический уровень _0
1 2001
a Сусанин
e Зимою морозной...
e рус. нар. песня
1 702 1
a Суриков
b И.
4 520
464 Аналитический уровень _0
1 2001
a Бородино
e "Скажи-ка, дядя, ведь недаром..."
e рус. нар. песня
1 702 1
a Лермонтов
b М.
4 520
464 Аналитический уровень _0
1 2001
a Ой ты, Волга, Волга-реченька
e Ой ты, Волга, Волга-реченька...
e соврем. рус. нар. песня
464 Аналитический уровень _0
1 2001
a Песня о Чапаеве
e По Уралу свинцовые хлещут дожди...
1 700 1
a Новиков
b А.
1 702 1
a Болотин
b С.
4 520
464 Аналитический уровень _0
1 2001
a Орлёнок
e Орлёнок, орлёнок, взлети выше солнца...
1 700 1
a Белый
b В.
1 702 1
a Шведов
b Я.
4 520
464 Аналитический уровень _0
1 2001
a Как пойду я на быструю речку
e Как пойду я на быструю речку...
1 700 1
a Попов
b А.
1 702 1
a Слова народные
4 520
464 Аналитический уровень _0
1 2001
a Среди долины ровныя
e Среди долины ровныя...
e рус. нар. песня
1 702 1
a Мерзляков
b А.
4 520
1 702 1
a Луканин
b А.
4 030
464 Аналитический уровень _0
1 2001
a Ой ты, тёмная дубравушка
e Ой ты, тёмная дубравушка...
e песня Садко из оперы "Садко"
1 700 1
a Римский-Корсаков
b Н.
1 50010
a Садко
464 Аналитический уровень _0
1 2001
a Путевая-пионерская
e Горит пятиконечная, счастливая звезда...
1 700 1
a Старокадомский
b М.
1 702 1
a Михалков
b С.
4 520
464 Аналитический уровень _0
1 2001
a У ворот-воротиков
e У ворот-воротиков...
e рус. нар. песня
1 702 1
a Руднева
b А.
4 030
464 Аналитический уровень _0
1 2001
a Я держу путь в страну свободы
e Хозяин мой, отпусти меня...
e негр. нар. песня
1 702 1
a Попатенко
b Т.
4 030
1 702 1
a Хазанов
b Ю.
4 730
464 Аналитический уровень _0
1 2001
a Марш пионерских дружин
e Мы - пионеры Советской страны...
1 700 1
a Губарьков
b Н.
1 702 1
a Ходосов
b Г.
4 520
464 Аналитический уровень _0
1 2001
a В апреле родился Ленин
e К нам в окна рвутся жаворонка трели...
1 700 1
a Александров
b Ан.
1 702 1
a Высотская
b О.
4 520
464 Аналитический уровень _0
1 2001
a Родина слышит
e Родина слышит, Родина знает...
1 700 1
a Шостакович
b Д.
1 702 1
a Долматовский
b Е.
4 520
464 Аналитический уровень _0
1 2001
a Пионерская честь
e Если где-то в далёкой стране...
1 700 1
a Флярковский
b А.
1 702 1
a Богомазов
b С.
4 520
464 Аналитический уровень _0
1 2001
a Снежный вечер
e Лёгкий крутится снежок...
1 700 1
a Красев
b М.
1 702 1
a Высотская
b О.
4 520
464 Аналитический уровень _0
1 2001
a Среди цветов
e Расцвели опять тюльпаны...
e яп. нар. песня
1 702 1
a Тверской
b А.
4 730
1 702 1
a Локтев
b В.
4 030
464 Аналитический уровень _0
1 2001
a Матросская шуточная
a Мы все : капитан, штурман...
e нем. нар. песня
1 702 1
a Струве
b Г.
4 030
1 702 1
a Кондрашенко
b Г.
4 730
464 Аналитический уровень _0
1 2001
a Коричневый орех
e Я, ребята, загорел...
e норв. нар. песня
1 702 1
a Иорданский
b М.
4 030
1 702 1
a Кондрашенко
b М.
4 730
464 Аналитический уровень _0
1 2001
a Жизнь хороша
e Жизнь хороша...
e менуэт
1 700 1
a Бах
b И. С.
1 702 1
a Родионов
b Я.
4 730
464 Аналитический уровень _0
1 2001
a Ах вы, сени мои, сени
e Ах вы, сени мои, сени...
e рус. нар. песня
1 702 1
a Любский
b С.
4 030
464 Аналитический уровень _0
1 2001
a Со вьюном я хожу
e Со вьюном я хожу...
e рус. нар. песня
1 702 1
a Благообразов
b С.
4 030
464 Аналитический уровень _0
1 2001
a Варяг
e Плещут холодные волны...
e рус. нар. песня
464 Аналитический уровень _0
1 2001
a Виноград в саду цветёт
e Виноград в саду цветёт...
e рус. нар. песня
464 Аналитический уровень _0
1 2001
a Гулял по Уралу Чапаев-герой
e Гулял по Уралу Чапаев-герой...
e рус. нар. песня
464 Аналитический уровень _0
1 2001
a Во лузях
e Во лузях, во лузях...
e рус. нар. песня
464 Аналитический уровень _0
1 2001
a Лён зеленой
e Лён зеленой при горе при крутой...
e рус. нар. песня
464 Аналитический уровень _0
1 2001
a Во поле рябинушка стояла
e Во поле рябинушка стояла...
e рус. нар. песня
1 702 1
a Пономарьков
b И.
4 030
464 Аналитический уровень _0
1 2001
a Я посею ли млада-младенька
e Я посею ли млада-младенька...
e рус. нар. песня
464 Аналитический уровень _0
1 2001
a Дубинушка
e Много песен слыхал я...
e рус. нар. песня
1 702 1
a Новиков
b Ан.
4 030
464 Аналитический уровень _0
1 2001
a Что же ты, соловушка
e Что же ты, соловушка...
e рус. нар. песня
1 702 1
a Григоренко
b В.
4 030
464 Аналитический уровень _0
1 2001
a Бородино
e "Скажи-ка, дядя, ведь недаром..."
e рус. нар. песня
1 702 1
a Лермонтов
b М.
4 520
1 702 1
a Иорданский
b М.
4 030
464 Аналитический уровень _0
1 2001
a Среди долины ровныя...
e Среди долины ровныя...
e рус. нар. песня
1 702 1
a Мерзляков
b А.
4 520
1 702 1
a Луканин
b А.
4 030
464 Аналитический уровень _0
1 2001
a У ворот, воротиков
e У ворот, воротиков...
e рус. нар. песня
1 702 1
a Руднева
b А.
4 030
464 Аналитический уровень _0
1 2001
a Светлячок
e Светлячок, мой светлячок...
e груз. нар. песня
1 702 1
a Аракишвили
b Д.
4 030
464 Аналитический уровень _0
1 2001
a Туристская песня
e Ты хочешь узнать...
1 700 1
a Кабалевский
b Д.
1 702 1
a Татаринов
b В.
4 520
464 Аналитический уровень _0
1 2001
a Дружное наше звено
e Солнце мы любим...
1 700 1
a Дунаевский
b И.
1 702 1
a Солодарь
b Ц.
4 520
464 Аналитический уровень _0
1 2001
a Марш юннатов
e До чего интересно, ребята...
a Дунаевский
b И.
1 702 1
a Матусовский
b М.
4 520
464 Аналитический уровень _0
1 2001
a Песня о пионерах-героях
e Шумела гроза над землёю...
e из кантаты "Красные следопыты"
1 700 1
a Пахмутова
b А.
1 702 1
a Гребенников
b С.
4 520
1 702 1
a Добронравов
b Н.
4 520
1 50010
a Красные следопыты
464 Аналитический уровень _0
1 2001
a Замечательный вожатый
e Замечательный вожатый есть...
e из кантаты "Красные следопыты"
1 700 1
a Пахмутова
b А.
1 702 1
a Гребенников
b С.
4 520
1 702 1
a Добронравов
b Н.
4 520
1 50010
a Красные следопыты
464 Аналитический уровень _0
1 2001
a Орлята учатся летать
e Орлята учатся летать...
1 700 1
a Пахмутова
b А.
1 702 1
a Добронравов
b Н.
4 520
464 Аналитический уровень _0
1 2001
a Мечты юных космонавтов
e Мы ловим сигналы...
1 700 1
a Локтев
b В.
1 702 1
a Крючков
b В.
4 520
464 Аналитический уровень _0
1 2001
a Ты лети, ветерок!
e Вся опушка - в песнях и цветах...
1 700 1
a Локтев
b В.
1 702 1
a Пришелец
b А.
4 520
464 Аналитический уровень _0
1 2001
a Ты, соловушка, умолкни
e Ты, соловушка, умолкни...
1 700 1
a Глинка
b М.
1 702 1
a Забелла
b Н.
4 520
464 Аналитический уровень _0
1 2001
a Венецианская ночь
e Ночь весенняя дышала...
1 700 1
a Глинка
b М.
1 702 1
a Козлов
b И.
4 520
464 Аналитический уровень _0
1 2001
a Славься
e Славься, славься ты, Русь моя...
e хор из оперы "Иван Сусанин"
1 700 1
a Глинка
b М.
1 702 1
a Городецкий
b С.
4 520
1 50010
a Иван Сусанин
464 Аналитический уровень _0
1 2001
a Пионерский костёр
e Набрали мы сосновых веток...
1 700 1
a Мурадели
b В.
1 702 1
a Некрасова
b Л.
4 520
464 Аналитический уровень _0
1 2001
a Мальчишка-капитан
e Шагал по перекрёстку весёлый мальчуган...
1 700 1
a Чичков
b Ю.
1 702 1
a Крючков
b В.
4 520
464 Аналитический уровень _0
1 2001
a Лыжная прогулка
e Снег искрится...
1 700 1
a Чичков
b Ю.
1 702 1
a Дворный
b Б.
4 520
464 Аналитический уровень _0
1 2001
a Наша школьная страна
e Не крутите старый глобус...
1 700 1
a Чичков
b Ю.
1 702 1
a Ибряев
b К.
4 520
464 Аналитический уровень _0
1 2001
a Заиграйте, мои гусельки
e Заиграйте, мои гусельки...
e песня Садко из оперы "Садко"
1 700 1
a Римский-Корсаков
b Н.
1 50010
a Садко
464 Аналитический уровень _0
1 2001
a Песня птиц
e Сбирались птицы...
e из оперы "Снегурочка"
1 700 1
a Римский-Корсаков
b Н.
1 50010
a Снегурочка
512 Заглавие обложки 1_
a Заглавие обложки Пение в школе
606 Тематические рубрики 0_
a Основная рубрика Песни для детей
x Основная подрубрика Учебные пособия
610 Ключевые слова 0_
a Ключевые слова детские песни
610 Ключевые слова 0_
a Ключевые слова учебные пособия
686 Индексы других классификаций __
a Классификационный индекс 85.98я72
2 Код системы rubbk
702 Вторичная интеллектуальная ответственность _1
a Фамилия Левандовская
b Имя (инициалы) Л.
801 Источник записи _0
a Страна RU
b Организация Ульяновская ОНБ
c Дата составления 20210902
g Правила каталогизации RCR
801 Источник записи _1
a Страна RU
b Организация Ульяновская ОНБ
c Дата составления 20210902
g Правила каталогизации RCR
901 Тип документа __
t Тип документа n
w Контрольный № источника RU/УОНБ/EK_N/683892176
909 Создатель записи __
a Создатель записи Лобина Л. И.
938 Служебная информация __
a Имя БД noti
b Имя библиотеки УОНБ
c Имя АИБС МАРК-SQL
d Номер DOC_ID в БД 24482